Phong trào Duy Tân ở Bắc Trung Nam và Miền Nam đầu thế kỷ XX-Thiện địa hội và cuộc Minh Tân : Biên khảo
Trình bày bối cảnh lịch sử và diễn biến của phong trào Duy Tân ở Miền Bắc, Miền Trung và Miền Nam - Việt Nam; tình hình miền Nam đầu những năm đầu thế kỷ XX cũng như lịch sử, đường lối hoạt động của nhóm Thiên Địa hội và nhóm Minh Tân...
Zapisane w:
| 1. autor: | |
|---|---|
| Format: | Książka |
| Język: | Undetermined |
| Wydane: |
Trẻ
Thành phố Hồ Chí Minh
2014
|
| Hasła przedmiotowe: | |
| Etykiety: |
Dodaj etykietę
Nie ma etykietki, Dołącz pierwszą etykiete!
|
| Thư viện lưu trữ: | Trung tâm Học liệu Trường Đại học Cần Thơ |
|---|
| LEADER | 01140nam a2200241Ia 4500 | ||
|---|---|---|---|
| 001 | CTU_200883 | ||
| 008 | 210402s9999 xx 000 0 und d | ||
| 020 | |c 98000 | ||
| 082 | |a 959.703 | ||
| 082 | |b S464 | ||
| 100 | |a Sơn Nam | ||
| 245 | 0 | |a Phong trào Duy Tân ở Bắc Trung Nam và Miền Nam đầu thế kỷ XX-Thiện địa hội và cuộc Minh Tân : | |
| 245 | 0 | |b Biên khảo | |
| 245 | 0 | |c Sơn Nam | |
| 260 | |a Trẻ | ||
| 260 | |b Thành phố Hồ Chí Minh | ||
| 260 | |c 2014 | ||
| 520 | |a Trình bày bối cảnh lịch sử và diễn biến của phong trào Duy Tân ở Miền Bắc, Miền Trung và Miền Nam - Việt Nam; tình hình miền Nam đầu những năm đầu thế kỷ XX cũng như lịch sử, đường lối hoạt động của nhóm Thiên Địa hội và nhóm Minh Tân ở Miền Nam Việt Nam | ||
| 650 | |a Vietnam,Việt Nam | ||
| 650 | |x History,Lịch sử | ||
| 650 | |y 1858-1945,1858-1945 | ||
| 904 | |i Tuyến | ||
| 980 | |a Trung tâm Học liệu Trường Đại học Cần Thơ | ||